Sports Quiz

Random Sports or NFL Quiz

Every 3000+ Yard Passer In NFL History Quiz Stats

 Plays Quiz Updated Dec 31, 2018

Score 0/167 Timer 13:00
6 Plays Today
# of Seasons Player % Correct
16Peyton Manning
98.5%
14Eli Manning
98.4%
16Tom Brady
97.9%
3Archie Manning
97.5%
18Brett Favre
97.1%
16Drew Brees
96.4%
13Dan Marino
95.6%
12John Elway
94.5%
13Philip Rivers
93.9%
8Joe Montana
91.1%
7Tony Romo
90.9%
13Ben Roethlisberger
90.6%
9Aaron Rodgers
90.2%
6Steve Young
87.7%
9Carson Palmer
87.5%
6Kurt Warner
87.4%
9Drew Bledsoe
87.2%
10Matt Ryan
87.1%
8Donovan McNabb
86.8%
8Joe Flacco
85.7%
6Alex Smith
84.9%
8Jim Kelly
84.6%
1Geno Smith
84.5%
7Jay Cutler
84.3%
8Matthew Stafford
84%
9Warren Moon
83.7%
7Russell Wilson
82.3%
8Matt Hasselbeck
81.5%
8Cam Newton
80.8%
5Troy Aikman
80.1%
7Andy Dalton
78.7%
6Steve McNair
77.8%
5Andrew Luck
76.8%
5Derek Carr
75.8%
4Daunte Culpepper
73.3%
5Brad Johnson
72.7%
2Charley Johnson
72.4%
6Phil Simms
72.2%
6Vinny Testaverde
71.9%
6Dan Fouts
71.5%
2Michael Vick
71.4%
5Randall Cunningham
71.1%
4Matt Schaub
70.9%
1David Carr
70.1%
7Boomer Esiason
70%
4Kirk Cousins
69.6%
4Rich Gannon
69.1%
3Jameis Winston
68.5%
4Sam Bradford
67.1%
6Mark Brunell
67.1%
4Ryan Tannehill
67%
2Robert Griffin III
66.5%
2Terry Bradshaw
66.5%
3Blake Bortles
65.9%
4Jake Delhomme
65.7%
2Roger Staubach
65.5%
# of Seasons Player % Correct
3Dak Prescott
65.4%
6Trent Green
65.2%
1Derek Anderson
64.7%
6Kerry Collins
64.7%
2Ken Anderson
64.7%
2Jared Goff
64.4%
3Joe Namath
64.4%
2Marcus Mariota
64.3%
2Tyrod Taylor
64%
3Carson Wentz
64%
4Jake Plummer
64%
4Ryan Fitzpatrick
63.9%
3Jeff Garcia
63.5%
1Patrick Mahomes
63.1%
3Chad Pennington
62.8%
2Colin Kaepernick
62.3%
3Johnny Unitas
62.2%
6Jon Kitna
61.4%
2Fran Tarkenton
61.1%
2Mark Sanchez
61%
1Deshaun Watson
60.6%
3Marc Bulger
60.2%
2Case Keenum
59.2%
2Matt Cassel
59.1%
1Baker Mayfield
58.9%
3Josh Freeman
56.9%
1Teddy Bridgewater
56.8%
3Kyle Orton
56.5%
4Bernie Kosar
55.7%
4Aaron Brooks
54.8%
2Doug Williams
54.4%
4Danny White
52.8%
1Mitchell Trubisky
52.7%
4Ron Jaworski
52.1%
2David Garrard
51.5%
2Kordell Stewart
50.4%
2Ken Stabler
50.3%
3Joe Theismann
50%
2Rex Grossman
49.5%
7Jim Everett
47.6%
2Brian Griese
47.5%
3Mark Rypien
47.3%
2Doug Flutie
46.3%
3Bert Jones
45.8%
1Tarvaris Jackson
45.6%
6Dave Krieg
45.4%
1Jacoby Brissett
44.5%
2Chad Henne
44.3%
3Elvis Grbac
43.9%
1Tim Couch
43.3%
1Chris Chandler
42.6%
2Y.A. Tittle
42.2%
4Ken O'Brien
42%
2Jason Campbell
41.7%
1Tommy Maddox
40.7%
3Jeff George
39.2%
# of Seasons Player % Correct
4Brian Sipe
37.9%
1Quincy Carter
37.8%
1Joey Harrington
37.4%
1Neil O'Donnell
36.9%
1Brian Hoyer
36.2%
2Tony Eason
36.1%
2Scott Mitchell
35.4%
3Jim Zorn
35.4%
5Tommy Kramer
35.1%
2Erik Kramer
35%
3Stan Humphries
34.9%
5Sonny Jurgensen
34.9%
1Trevor Siemian
34.6%
1JP Losman
34.3%
4Neil Lomax
33.4%
1Steve Grogan
33.4%
1Jim Harbaugh
32.5%
2Jeff Hostetler
31.7%
1Jay Fiedler
31.1%
1Don Majkowski
30.4%
3Steve Bartkowski
30.2%
3Steve DeBerg
29.9%
2Chris Miller
29.3%
3Daryle Lamonica
29.3%
3George Blanda
29%
2Jim Hart
28.6%
3Steve Beuerlein
27.8%
2Jeff Blake
27.5%
3Bobby Hebert
27.1%
1Brandon Weeden
26.8%
3John Hadl
26.1%
3Lynn Dickey
24.7%
2John Brodie
24.4%
1Craig Morton
24%
3Richard Todd
22.8%
1Gus Frerotte
22.6%
2Joe Ferguson
22.1%
1Tony Banks
22%
1Jay Schroeder
21.7%
1Roman Gabriel
21.6%
2Vince Ferragamo
20.7%
1Steve Bono
17.7%
1Jack Kemp
17.1%
1Bill Kenney
12.6%
2Norm Snead
11.9%
2Gary Danielson
10.3%
1Babe Parilli
10%
1Randy Wright
9.3%
1Billy Wade
8%
1Timm Rosenbach
7.7%
1Hugh Millen
7.2%
1Frank Tripucka
5.9%
1Craig Erickson
5.9%
1Steve Pelluer
5.4%
1Paul McDonald
5.3%

You're not logged in!

Compare scores with friends on all Sporcle quizzes.
OR
Log In

You Might Also Like...

Show Comments

Extras

Top Quizzes Today


Score Distribution

Your Account Isn't Verified!

In order to create a playlist on Sporcle, you need to verify the email address you used during registration. Go to your Sporcle Settings to finish the process.

Report this User

Report this user for behavior that violates our Community Guidelines.

Details: